ბათუმის შოთა რუსთაველის სახელმწიფო უნივერსიტეტის ბიბლიოთეკა

Diagnosing learning disorders : (ბიბ.ჩანაწერი № 58089)

000 -LEADER
fixed length control field 01562cam a2200313 i 4500
001 - CONTROL NUMBER
control field 20725202
005 - DATE AND TIME OF LATEST TRANSACTION
control field 20221108134134.0
008 - FIXED-LENGTH DATA ELEMENTS--GENERAL INFORMATION
fixed length control field 181030s2019 nyu b 001 0 eng
020 ## - INTERNATIONAL STANDARD BOOK NUMBER
International Standard Book Number 9781462537914x
041 ## - LANGUAGE CODE
Language code of text/sound track or separate title eng
080 ## - UNIVERSAL DECIMAL CLASSIFICATION NUMBER
Universal Decimal Classification number 616.89 P-41
100 1# - MAIN ENTRY--PERSONAL NAME
Personal name Pennington, Bruce Franklin
Dates associated with a name
9 (RLIN) 12022
245 10 - TITLE STATEMENT
Title Diagnosing learning disorders :
Remainder of title from science to practice /
Statement of responsibility, etc. Bruce F. Pennington, Lauren M. McGrath, Robin L. Peterson.
250 ## - EDITION STATEMENT
Edition statement Third edition.
264 #1 - PRODUCTION, PUBLICATION, DISTRIBUTION, MANUFACTURE, AND COPYRIGHT NOTICE
Place of production, publication, distribution, manufacture New York :
Name of producer, publisher, distributor, manufacturer The Guilford Press,
Date of production, publication, distribution, manufacture, or copyright notice 2019.
300 ## - PHYSICAL DESCRIPTION
Extent 399 pages :
Other physical details illustrations ;
Dimensions 27 cm.
653 ## - INDEX TERM--UNCONTROLLED
keyword სწავლის უნარის შეზღუდვა
653 ## - INDEX TERM--UNCONTROLLED
keyword Нарушения обучаемости
653 ## - INDEX TERM--UNCONTROLLED
keyword ПСИХОЛОГИЯ / Психотерапия / Дети и подростки
653 ## - INDEX TERM--UNCONTROLLED
keyword ფსიქოლოგია / ფსიქოთერაპია / ბავშვი და მოზარდი
653 ## - INDEX TERM--UNCONTROLLED
keyword ყურადღების დეფიციტის ჰიპერაქტიურობის აშლილობა
653 ## - INDEX TERM--UNCONTROLLED
keyword Синдром дефицита внимания и гиперактивности
653 ## - INDEX TERM--UNCONTROLLED
keyword აუტიზმი ბავშვებში
653 ## - INDEX TERM--UNCONTROLLED
keyword Аутизм у детей
700 ## - ADDED ENTRY--PERSONAL NAME
Personal name McGrath, Lauren M.
Relator term ავტორი
9 (RLIN) 12023
700 ## - ADDED ENTRY--PERSONAL NAME
Personal name Peterson, Robin L.
Relator term ავტორი
9 (RLIN) 12024
856 ## - ELECTRONIC LOCATION AND ACCESS
Uniform Resource Identifier https://books.google.ge/books?id=-2uADwAAQBAJ&source=gbs_ViewAPI&redir_esc=y
Link text ელ. ვერსია
942 ## - ADDED ENTRY ELEMENTS (KOHA)
Koha item type წიგნი
Source of classification or shelving scheme
ეგზემპლარები
Withdrawn status Lost status Source of classification or shelving scheme Damaged status Not for loan Permanent Location Current Location Shelving location Date acquired Cost, normal purchase price Full call number Barcode Date last seen Copy number Price effective from Koha item type Public note
          ბათუმის შოთა რუსთაველის სახელმწიფო უნივერსიტეტის მთავარი ბიბლიოთეკა ბათუმის შოთა რუსთაველის სახელმწიფო უნივერსიტეტის მთავარი ბიბლიოთეკა წიგნსაცავი 2021-06-11 141.00 616.89 P-41 61374 2021-06-11 61374 2021-06-11 წიგნი 141 ლ.